000 00281pam a2200133 a 4500
020 _c
041 _h
082 _a606
_bHEA
100 _aHead, F.D.
245 _aMeetings
_hTextual Documents
260 _aLondon
_bSir Isaac Pitman And Sons
300 _a247/CB
930 _a5169
999 _c111999
_d111999